000 00303nam a2200121 4500
999 _c8720
_d8720
082 _a005.133PAT
100 _aPatel, B.C
245 _aProgramming Through Fortran 77
260 _aNew Delhi
_bBPB Publications,
_c1998.
300 _a206p. ;
650 _aFortran77 (Computer program language)
942 _cBK